Control in multinational firms: the role of price and hierarchy.

Analýza koncepcie riadenia v mnohonárodných firmách v rámci ekonomických inštitúcií trhov a firiem, ktoré využívajú cenový systém a hierarchiu ako organizačné metódy. Táto teoretická základňa je potom použitá na analýzu niektorých vzťahov skúmaných v literatúre organizačnej teórie nadnárodných podni...

Descrizione completa

Salvato in:
Dettagli Bibliografici
Autore principale: Hennart, J.-F
Natura: Capitolo di libro
Lingua:inglese
Soggetti:
Tags: Aggiungi Tag
Nessun Tag, puoi essere il primo ad aggiungerne!!

MARC

LEADER 00000naa a2200000 4500
001 r006235
005 20221130113130.6
041 0 |a eng 
044 |a DE 
245 1 0 |a Control in multinational firms: the role of price and hierarchy.  |c J.-F. Hennart 
520 |a Analýza koncepcie riadenia v mnohonárodných firmách v rámci ekonomických inštitúcií trhov a firiem, ktoré využívajú cenový systém a hierarchiu ako organizačné metódy. Táto teoretická základňa je potom použitá na analýzu niektorých vzťahov skúmaných v literatúre organizačnej teórie nadnárodných podnikov. 
610 2 0 |a podnik medzinárodný 
610 2 0 |a organizácia podniku 
610 2 0 |a organizácia riadenia 
610 2 0 |a sústava cenová 
610 2 0 |a spoločnosti nadnárodné 
610 2 0 |a trh 
610 2 0 |a teória organizácie 
610 2 0 |a kontrola podniková 
610 2 0 |a centralizácia 
100 1 |a Hennart, J.-F.